00474 a2200157 4500010001400000020002300014035001300037037001500050082000800065100002200073245005800095260003600153260003600189270006100225300003000286 aENG-89684 a8178242192c295.00 aEN-73217 bDBAD / VEN14a8841 aGuha, Ramachandra1 aThe last liberal & other essays/cby Ramachandra Guha aRanikhetbPermanent Blackc2007 aNew DelhibOrient Longmanc2007 aHimalayana Mall Raod, Ranikhet Cantt.,bRanikhete263645 aviii,282p.;c22 cm (pbk)